000 00478nam a22001577a 4500
003 0
005 20230619122623.0
008 230619b xxu||||| |||| 00| 0 eng d
020 _a978-971-009-771-5
082 _aFil. 899.211
_b.Sa194 2018
245 _aSandosenang sapatos = A dozen pairs of shoes
_cGatmaitan, Luis P.
260 _aMandaluyong City
_bHiyas
_cc2002
300 _a32pp.
_bcol. ill.
_c28cm.
500 _aChildren's stories-Pictorial works.
942 _2ddc
_cBK
999 _c365017
_d365017